Click a Valid Country to Continue - Statistics

General Stats
  • This quiz has been taken 658 times
  • The average score is 13 of 35
Answers on the Map
Answers color-coded by a green-red scale on the quiz's map according to % correct below.
 
Answer Stats
Answer % Correct
Round 1
100%
Round 2
89%
Round 3
83%
Round 4
80%
Round 5
77%
Round 6
75%
Round 7
73%
Round 8
70%
Round 9
68%
Round 10
63%
Round 11
61%
Round 12
58%
Round 13
54%
Round 14
49%
Round 15
44%
Round 16
38%
Round 17
36%
Round 18
32%
Round 19
28%
Round 20
24%
Round 21
21%
Round 22
17%
Round 23
15%
Round 24
13%
Round 25
12%
Round 26
9%
Round 27
7%
Round 28
6%
Round 29
5%
Round 30
4%
Round 31
4%
Round 32
3%
Round 33
3%
Round 34
3%
Round 35
2%
No matching quizzes found
Score Distribution
Percent of People with Each Score
Percentile by Number Answered
Your Score History
You have not taken this quiz